Social Studies,4E : (Record no. 607269)

MARC details
000 -LEADER
fixed length control field 00437nam a2200169 a 4500
008 - FIXED-LENGTH DATA ELEMENTS--GENERAL INFORMATION
fixed length control field 260105s2000##################000#0#eng##
020 ## - INTERNATIONAL STANDARD BOOK NUMBER
ISBN 9780070402157
082 04 - DEWEY DECIMAL CLASSIFICATION NUMBER
Classification number 300
Item number GUL
100 1# - MAIN ENTRY--AUTHOR NAME
Personal name P, Gulati,
245 10 - TITLE STATEMENT
Title Social Studies,4E :
260 ## - PUBLICATION, DISTRIBUTION, ETC. (IMPRINT)
Name of publisher Tata McGraw-Hill Education,
Year of publication 2000.
942 ## - ADDED ENTRY ELEMENTS (KOHA)
Koha item type English Books
Holdings
Withdrawn status Lost status Damaged status Not for loan Home library Current library Shelving location Date acquired Full call number Accession Number Price effective from Koha item type
        Anna Centenary Library Anna Centenary Library 3RD FLOOR, B WING 05.01.2026 300 GUL 254980 05.01.2026 English Books

Find us on the map